000 00352nam a2200133Ia 4500
008 240624s9999 xx 000 0 und d
041 _aeng
082 _a519.5 DOA
100 _aDOANE DAVID P
245 _aAPPLIED STATISTICS IN BUSINESS AND ECONO
260 _c2007
_aNew Delhi
_bMcGraw-Hill
300 _axxiii, : 834 : p. : cm. ; 27
365 _cRS
_b35
999 _c6323
_d6323